Statistics for NBA Players By Letter - S

Click here to take the quiz!

General Stats

  • This quiz has been taken 354 times
    (344 since last reset)
  • The average score is 14 of 25

Answer Stats

First NameSurnameTeam% Correct
DomantasSabonisOklahoma City Thunder
98%
J.R.SmithCleveland Cavaliers
95%
JasonSmithWashington Wizards
95%
IshSmithDetroit Pistons
95%
BenSimmonsPhiladelphia 76ers
90%
JonathonSimmonsSan Antonio Spurs
90%
PascalSiakamToronto Raptors
85%
MarcusSmartBoston Celtics
84%
DarioSaricPhiladelphia 76ers
82%
ImanShumpertCleveland Cavaliers
73%
DennisSchroderAtlanta Hawks
70%
LuisScolaBrooklyn Nets
54%
TiagoSplitterAtlanta Hawks
50%
TonySnellMilwaukee Bucks
49%
TomasSatoranskyWashington Wizards
48%
ThaboSefoloshaAtlanta Hawks
47%
NikStauskasPhiladelphia 76ers
33%
RamonSessionsCharlotte Hornets
29%
MarreeseSpeightsLos Angeles Clippers
29%
MikeScottAtlanta Hawks
26%
RodneyStuckeyIndiana Pacers
25%
JaredSullingerToronto Raptors
24%
KyleSinglerOklahoma City Thunder
22%
DiamondStoneLos Angeles Clippers
15%
KevinSeraphinIndiana Pacers
10%

Score Distribution

Percentile by Number Answered

Percent of People with Each Score

Your Score History

You have not taken this quiz since the last reset